00391nam a2200145Ia 4500008004100000020001500041041001200056082001600068100001700084245007500101260003800176300000800214650000800222700001500230221030s9999 xx 000 0 und d a0070855447 aEnglish a105.23bOLV aB. M. Olvier 0aElectronic Measurements & Instrumentationcby B. M. Olvier, J. M. Cage bMcGraw Hill Pub.aNew Delhic1975 a729 aECE aJ. M. Cage